Speech processing for ip networks : media resource control protocol (mrcp) /

Bibliographic Details
Main Author: Burke, Dave
Corporate Author: Wiley InterScience (Online service)
Format: eBook
Language:English
Published: Chichester, West Sussex : John Wiley & Sons, 2007.
Subjects:
Online Access:Connect to the full text of this electronic book

MARC

Tag First Indicator Second Indicator Subfields
LEADER 00000cam a2200000Ia 4500
001 in00002388708
005 20210810090820.0
006 m | d |
007 cr cn|||||||||
008 070327s2007 enk sb 001 0 eng d
020 |a 047006059X 
020 |a 9780470060599 
035 |a (OCoLC)93899258 
035 |a (OCoLC)ocm93899258 
037 |a 10.1002/9780470060599  |b Wiley InterScience  |n http://www3.interscience.wiley.com 
040 |a DG1  |c DG1  |d UtOrBLW 
049 |a TEFA 
050 1 4 |a TK7882.S65  |b B87 2007eb 
082 0 4 |a 006.4/54  |2 22 
100 1 |a Burke, Dave.  |0 http://id.loc.gov/authorities/names/n2006083194 
245 1 0 |a Speech processing for ip networks :  |b media resource control protocol (mrcp) /  |c Dave Burke. 
264 1 |a Chichester, West Sussex :  |b John Wiley & Sons,  |c 2007. 
300 |a pages cm. 
336 |a text  |b txt  |2 rdacontent 
337 |a computer  |b c  |2 rdamedia 
338 |a online resource  |b cr  |2 rdacarrier 
500 |a Electronic resource. 
504 |a Includes bibliographical references and index. 
533 |a Electronic reproduction.  |b Hoboken, N.J. :  |c Wiley InterScience,  |d 2007.  |n Mode of access: World Wide Web.  |n System requirements: Web browser.  |n Title from title screen (viewed on Mar. 26, 2007).  |n Access may be restricted to users at subscribing institutions. 
650 0 |a Automatic speech recognition.  |0 http://id.loc.gov/authorities/subjects/sh85010109 
650 0 |a Speech processing systems.  |0 http://id.loc.gov/authorities/subjects/sh85126450 
650 0 |a TCP/IP (Computer network protocol)  |0 http://id.loc.gov/authorities/subjects/sh91005299 
655 0 |a Electronic books. 
655 7 |a Electronic books.  |2 local 
710 2 |a Wiley InterScience (Online service)  |0 http://id.loc.gov/authorities/names/no00037213 
776 1 |c Original  |z 9780470028346  |z 0470028343  |w (DLC) 2006036199  |w (OCoLC)72868173 
856 4 0 |u http://proxy.library.tamu.edu/login?url=https://dx.doi.org/10.1002/9780470060599  |z Connect to the full text of this electronic book  |t 0 
994 |a C0  |b TEF 
999 |a MARS 
999 f f |s 0807d2d5-1ad5-3bda-8b25-81ef6a9ebe9a  |i e7341cfc-c93b-3504-bca1-adcad82f80f8  |t 0 
952 f f |a Texas A&M University  |b College Station  |c Electronic Resources  |d Available Online  |t 0  |e TK7882.S65 B87 2007eb  |h Library of Congress classification 
998 f f |a TK7882.S65 B87 2007eb  |t 0  |l Available Online